00717nam a2200169 a 450000100100000000500170001000800410002704000250006808200150009311000270010824000180013524500490015325000190020226000620022130000200028350002440030300003324520200930070125.0090904s1901 dr 000 0 spa d aDO-SdBNPbspabBNPHU axxxbR426c1 aRepública Dominicana13a[Leyes, etc.]10aCódigo civil de la República Dominicana. a2a ed. oficial aSanto Domingof"La Cuna de América" J. R. Roquesc1901. a116 p ;c25 cm. aArreglado por la comisión nombrada por el Poder Ejecutivo, y conforme al decreto del Congreso Nacional de fecha 4 de julio de 1882, conversando el orden de las artículos del texto francés vijente en la República desde el año 1845